000
00300nam a2200145Ia 4500
100
_a
Schmitt/ F
942
_c
BK
654
_a
Computer
245
_a
The SCSI Bus & IQE Interface
260
_b
none
_a
Wokingham
_c
1995
082
_a
4.62
_b
SCH
300
_a
301
546
_a
ENGLISH
999
_c
33126
_d
33126